<?xml version="1.0" encoding="UTF-8"?>
<record
    xmlns:xsi="http://www.w3.org/2001/XMLSchema-instance"
    xsi:schemaLocation="http://www.loc.gov/MARC21/slim http://www.loc.gov/standards/marcxml/schema/MARC21slim.xsd"
    xmlns="http://www.loc.gov/MARC21/slim">

  <leader>01471nam a2200229Ia 4500</leader>
  <controlfield tag="003">OSt</controlfield>
  <controlfield tag="005">20210715142841.0</controlfield>
  <controlfield tag="008">210310s1974    nyu    gr     000 0 spa d</controlfield>
  <datafield tag="040" ind1=" " ind2=" ">
    <subfield code="a">CO-JMCR</subfield>
    <subfield code="c">CO-JMCR</subfield>
  </datafield>
  <datafield tag="041" ind1="0" ind2=" ">
    <subfield code="a">spa</subfield>
  </datafield>
  <datafield tag="082" ind1="0" ind2="4">
    <subfield code="a">332.042 /</subfield>
    <subfield code="b">N124c</subfield>
    <subfield code="2">23</subfield>
  </datafield>
  <datafield tag="110" ind1="2" ind2=" ">
    <subfield code="a">Naciones Unidas</subfield>
    <subfield code="9">37599</subfield>
  </datafield>
  <datafield tag="245" ind1="1" ind2="4">
    <subfield code="a">Las cuestiones monetarias y financieras y el desarrollo: </subfield>
    <subfield code="b">documentos sobre la reforma monetaria internacional /</subfield>
    <subfield code="c">Naciones Unidas </subfield>
  </datafield>
  <datafield tag="260" ind1=" " ind2=" ">
    <subfield code="a">Nueva York : </subfield>
    <subfield code="b">Naciones Unidas, </subfield>
    <subfield code="c">1974.</subfield>
  </datafield>
  <datafield tag="300" ind1=" " ind2=" ">
    <subfield code="a">56 p&#xE1;ginas ; </subfield>
    <subfield code="c">28 cm.</subfield>
  </datafield>
  <datafield tag="501" ind1=" " ind2=" ">
    <subfield code="a">Con: notas a pie de p&#xE1;gina.</subfield>
  </datafield>
  <datafield tag="505" ind1="0" ind2=" ">
    <subfield code="a">El proceso de ajuste: algunas consideraciones relativas al comercio mundial y al desarrollo (UNCTAD/FIN/1). -- Interdependencia entre los problemas del comercio, la financiaci&#xF3;n para el desarrollo y el sistema monetario internacional (TD/B/459) . -- Algunos problemas del proceso de ajuste (UNCTAD/FIN/2). -- El proceso de ajuste en los pa&#xED;ses en desarrollo (UNCTAD/FIN/10). -- La funci&#xF3;n de los activos de reserva (UNCTAD/FIN/3). -- La consolidaci&#xF3;n de los saldos de monedas de reserva y los pa&#xED;ses en desarrollo AD (UNCTAD/FIN/4). -- La creaci&#xF3;n de derechos especiales de giro y la asistencia para el desarrollo (UNCTAD/FIN/6) . -- La transferencia de recursos reales y el v&#xED;nculo (UNCTAD/FIN/8).</subfield>
  </datafield>
  <datafield tag="650" ind1="1" ind2="4">
    <subfield code="a">Cuestiones monetarias.</subfield>
    <subfield code="9">26850</subfield>
  </datafield>
  <datafield tag="650" ind1="2" ind2="4">
    <subfield code="a">reforma monetaria internacional </subfield>
    <subfield code="9">38497</subfield>
  </datafield>
  <datafield tag="650" ind1="2" ind2="4">
    <subfield code="a">Documentos </subfield>
    <subfield code="x">reforma monetaria</subfield>
    <subfield code="9">38498</subfield>
  </datafield>
  <datafield tag="942" ind1=" " ind2=" ">
    <subfield code="2">ddc</subfield>
    <subfield code="c">BK</subfield>
  </datafield>
  <datafield tag="999" ind1=" " ind2=" ">
    <subfield code="c">11935</subfield>
    <subfield code="d">11935</subfield>
  </datafield>
  <datafield tag="952" ind1=" " ind2=" ">
    <subfield code="0">0</subfield>
    <subfield code="1">0</subfield>
    <subfield code="2">ddc</subfield>
    <subfield code="4">0</subfield>
    <subfield code="7">0</subfield>
    <subfield code="a">CPL</subfield>
    <subfield code="b">CPL</subfield>
    <subfield code="c">GEN</subfield>
    <subfield code="d">2018-04-15</subfield>
    <subfield code="e">Donaci&#xF3;n</subfield>
    <subfield code="o">332.042 / N124c</subfield>
    <subfield code="p">430013112</subfield>
    <subfield code="r">2024-05-16 00:00:00</subfield>
    <subfield code="t">Ej.1</subfield>
    <subfield code="w">2021-03-10</subfield>
    <subfield code="y">BK</subfield>
  </datafield>
</record>
